Atti del III seminario romanístico Gardesano 22-25 Ottobre 1985: promosso dall'istituto milanese di diritto romano e storia dei diritti antichi

Guardat en:
Dades bibliogràfiques
Format: Llibre
Idioma:italià
Publicat: Milán Dott. A. Giuffre 1988
Matèries:
Etiquetes: Afegir etiqueta
Sense etiquetes, Sigues el primer a etiquetar aquest registre!

MARC

LEADER 00000nam a2200000 a 4500
001 UCV3353
003 CL-VaPUC
008 930601e19880000IT |||||||||||||||||ita|d
082 0 4 |a 340.54  |b ATT  |2 21 
245 1 0 |a Atti del III seminario romanístico Gardesano 22-25 Ottobre 1985: promosso dall'istituto milanese di diritto romano e storia dei diritti antichi 
300 |a 580 p 
942 |c BK 
945 |d 19930601 00:00:00 
260 |a Milán  |b Dott. A. Giuffre  |c 1988 
650 0 |a Derecho romano  |9 255930 
583 |a last modification  |c 19930601 00:00:00  |k Rodrigo Vera 
999 |c 210593  |d 210591 
952 |0 0  |1 0  |4 0  |6 340_540000000000000_ATT_1988  |7 0  |8 DER_ROM  |9 186947  |a BIBDER  |b BIBDER  |d 2019-11-14  |i 2546043  |l 1  |o 340.54 ATT 1988  |p 2546043  |r 2023-01-25  |s 2020-03-16  |w 2019-11-14  |x Ubicación 4to piso  |y BK  |z Este recurso debe solicitarse con anticipación  |k DER